Primer grado penitenciario y estado de derecho

Detalles Bibliográficos
Autor principal: Carou Garca̕, Sara
Formato: eBook
Lenguaje:español
Publicado: Barcelona: J.M. Bosch Editor, 2017
Materias:
Acceso en línea:Acceso restringido

MARC

LEADER 00000nam a22000007a 4500
005 20190404125634.0
007 cr|||| ||||
008 190404s2017 es |||||s|||| 00||0 spa d
020 |a 978-84-946436-9-9 
035 |a 23200 
040 |a vLex 
090 |c 8563  |d 8563 
100 1 |a Carou Garca̕, Sara 
245 1 0 |a Primer grado penitenciario y estado de derecho  |h [Recurso electrn̤ico] /  |c Sara Carou Garca̕ 
256 |a Servicio en ln̕ea 
260 |a Barcelona:  |b J.M. Bosch Editor,  |c 2017 
300 |a 1 recurso electrn̤ico 
506 1 |a Disponible solo en los productos indicados  |d vLex Global  |d vLex Global (Academic Edition, excluding Law Schools)  |d vLex Global (U.S. Academic Edition, Law Schools)  |d vLex Global (U.S. Academic Edition, excluding Law Schools)  |d vLex Global (Academic Edition, Law Schools) 
650 0 4 |a Derecho Penal  |z Espaą 
740 0 |a vLex Libros (Servicio en ln̕ea) 
856 4 0 |u http://vlex.com/source/primer-grado-penitenciario-estado-derecho-23200  |z Acceso restringido 
942 |c BOOK 
999 0 |a Criminal law